| 000 | 00382nam a2200157Ia 4500 | ||
|---|---|---|---|
| 008 | 160316s1975 xxu||||| |||| 00| 0 eng d | ||
| 082 |
_a347.077000 _bRAM |
||
| 100 | _aRamachandran V G | ||
| 245 | _aLaw of writs | ||
| 250 | _a2nd | ||
| 260 |
_aLucknow _bEastern Book Co. _c1975 |
||
| 300 |
_a821p _b _cli |
||
| 365 | _bRs.60/- | ||
| 650 | _a1.Civil Procedure - Writs | ||
| 700 |
_a _a |
||
| 999 |
_c6411 _d6411 |
||